Prisonniers connus d'Impel Down dans One Piece - Statistiques

Statistiques générales
  • Ce quiz a été pris 62 fois
  • Le résultat moyen est 13 sur 32
Statistiques - réponses
Prisonniers d'Impel Down % Correct
Crocodile
93%
Portgas D.Ace
89%
Baggy
87%
Jinbe
87%
Emporio Ivankov
84%
Bentham
82%
Galdino
76%
Inazuma
76%
Daz Bones
73%
Shiliew
67%
Don Quichotte Doflamingo
62%
Catarina Devon
60%
Avalo Pizarro
58%
Vasco Shot
58%
Sanjuan Wolf
56%
Shiki
51%
Arlong
36%
Morley
27%
François
13%
George Black
13%
Senor Pink
13%
Roche Tomson
11%
Bellett
9%
Dobby Ibadonbo
9%
Doha Ittanka II
9%
Jean Goen
9%
Kinoko
9%
Tsunokov
9%
Usakov
9%
Kairo Kureyo
7%
Pankuta Dakeyan
7%
An Zegaiina
2%
Aucun quiz correspondant
Distribution des résultats
% des personnes avec chaque résultat
Percentile par nombre de réponses
Votre historique - résultats
Vous n’avez pas pris ce quiz